Dr. Weisz Gyuláné temetése [rövid hír]
Elmentve itt :
| Dokumentumtípus: | Cikk |
|---|---|
| Megjelent: |
1930-06-14
|
| Sorozat: | Délmagyarország
6 No. 132 |
| Kulcsszavak: | Weisz Gyuláné, Temetés |
| Online Access: | http://dmarchiv.bibl.u-szeged.hu/38820 |
| LEADER | 00427nab a2200145 i 4500 | ||
|---|---|---|---|
| 001 | delm38820 | ||
| 005 | 20180927130102.0 | ||
| 008 | 180927s1930 hu o 0|| hun d | ||
| 040 | |a SZTE Délmagyarország Archívum |b hun | ||
| 041 | |a hun | ||
| 245 | 0 | 0 | |a Dr. Weisz Gyuláné temetése |h [elektronikus dokumentum] : |b [rövid hír] |
| 260 | |c 1930-06-14 | ||
| 300 | |a 6 | ||
| 490 | 0 | |a Délmagyarország |v 6 No. 132 | |
| 695 | |a Weisz Gyuláné, Temetés | ||